MARC details
| 000 -LÍDER |
| campo de controle de tamanho fixo |
01281nam a2200325 4500 |
| 001 - NÚMERO DE CONTROLE |
| campo de controle |
380 |
| 003 - IDENTIFICADOR DO NÚMERO DE CONTROLE |
| campo de controle |
OSt |
| 005 - DATA E HORÁRIO DA ÚLTIMA TRANSAÇÃO |
| campo de controle |
20250528074019.0 |
| 008 - CAMPO DE DADOS FIXOS--INFORMAÇÃO GERAL |
| campo de controle de tamanho fixo |
250403b |||||||g |||| 00| 1 eng d |
| 020 ## - ISBN - INTERNATIONAL STANDARD BOOK NUMBER |
| ISBN - International Standard Book Number |
9788574211497 |
| 040 ## - FONTE DA CATALOGAÇÃO |
| Idioma da catalogação |
por |
| 041 ## - CÓDIGO DE IDIOMA |
| Código do idioma do original e/ou traduções intermediárias do texto |
eng |
| Código do idioma do texto/trilha sonora ou título diferente |
por |
| 082 ## - CDD - CLASSIFICAÇÃO DECIMAL DE DEWEY |
| Número de Classificação |
B869.93 |
| Número do exemplar |
F816b |
| 100 1# - ENTRADA PRINCIPAL--NOME PESSOAL |
| Nome pessoal |
Franchini, A. S., |
| Datas associadas ao nome |
1964- |
| 240 ## - TÍTULO UNIFORME |
| Título uniforme |
Beowulf |
| 245 ## - TÍTULO |
| Título |
Beowulf: |
| Restante do título |
Recriação em prosa do poema medieval inglês / |
| Indicação de responsabilidade, etc. |
Franchini, A. S. ; Segangredo, Carmen |
| 260 ## - PUBLICAÇÃO, DISTRIBUIÇÃO, ETC. |
| Local de publicação, distribuição, etc. |
Porto Alegre |
| Nome do editor, distribuidor, etc. |
Artes e Ofícios |
| Data da publicação, distribuição, etc. |
2007 |
| 300 ## - DESCRIÇÃO FÍSICA |
| Extensão |
231 p. |
| 520 ## - NOTA DE RESUMO, ETC. |
| Resumo, etc. |
Primeiro poema épico da Europa Ocidental, Beowulf é considerado, até hoje, uma das obras-primas da literatura inglesa.<br/><br/>Um herói destemido o bastante para enfrentar três dos mais ferozes monstros criados pela imaginação humana em três duelos sucessivos e vertiginosos: eis que o leitor encontrará nas páginas deste vibrante romance, adaptado do clássico poema medieval inglês "Beowulf". |
| 650 #0 - ASSUNTO--TERMO TÓPICO |
| Cabeçalho tópico ou nome geográfico |
Literatura Brasileira |
| 9 (RLIN) |
205 |
| 650 #0 - ASSUNTO--TERMO TÓPICO |
| Cabeçalho tópico ou nome geográfico |
Literatura Inglesa |
| 9 (RLIN) |
89 |
| 650 #0 - ASSUNTO--TERMO TÓPICO |
| Cabeçalho tópico ou nome geográfico |
Adaptação |
| 9 (RLIN) |
788 |
| 650 #0 - ASSUNTO--TERMO TÓPICO |
| Cabeçalho tópico ou nome geográfico |
Épico |
| 9 (RLIN) |
789 |
| 650 #0 - ASSUNTO--TERMO TÓPICO |
| Cabeçalho tópico ou nome geográfico |
Aventura |
| 9 (RLIN) |
47 |
| 650 #0 - ASSUNTO--TERMO TÓPICO |
| Cabeçalho tópico ou nome geográfico |
Mitologia |
| 9 (RLIN) |
128 |
| 655 #0 - TERMO DE ÍNDICE--GÊNERO E FORMA |
| Gênero/forma/ou termo foco |
Romance |
| 655 #0 - TERMO DE ÍNDICE--GÊNERO E FORMA |
| Gênero/forma/ou termo foco |
Ficção |
| 700 ## - ENTRADA ADICIONADA - NOME PESSOAL |
| Nome pessoal |
Segangredo, Carmen |
| Função do autor por extenso |
Coautor |
| 9 (RLIN) |
790 |
| 942 ## - ELEMENTOS DE ENTRADA ADICIONADOS (KOHA) |
| Fonte de classificação ou esquema de arquivamento |
Classificação decimal de Dewey |
| Ocultar no OPAC |
Não |
| Tipo de material Koha |
Livros |